Вып. 1(63); Изотопы в СССР

Détails bibliographiques
Parent link:Изотопы в СССР: производственно-технический сборник/ Центральный научно-исследовательский институт информации и технико-экономических исследований по атомной науке и технике. Вып. 1(63).— , 1965-1988
Autres auteurs: Калошин В. М. (редактор)
Langue:russe
Publié: 1982
Sujets:
Format: Livre
KOHA link:https://koha.lib.tpu.ru/cgi-bin/koha/opac-detail.pl?biblionumber=299373

MARC

LEADER 00000nam2a2200000 4500
001 299373
005 20231102001209.0
035 |a (RuTPU)RU\TPU\book\324525 
090 |a 299373 
100 |a 20150627d1982 km y0rusy50 ca 
101 0 |a rus 
102 |a RU 
105 |a a z 001zy 
200 0 |a Вып. 1(63)  |f под ред. В. М. Калошина 
210 |d 1982 
215 |a 55 с.  |c ил. 
320 |a Библиогр. в конце ст. 
461 1 |0 (RuTPU)RU\TPU\book\287095  |t Изотопы в СССР  |o производственно-технический сборник  |f Центральный научно-исследовательский институт информации и технико-экономических исследований по атомной науке и технике  |v Вып. 1(63)  |d 1965-1988 
606 1 |a Изотопы  |x Производство  |2 stltpush  |3 (RuTPU)RU\TPU\subj\12357  |9 39154 
610 1 |a источники излучений 
610 1 |a аттестация 
610 1 |a дефектоскопия 
610 1 |a облучение 
610 1 |a уровень 
610 1 |a прогнозирование 
610 1 |a термолюминесцентные детекторы 
610 1 |a серебряные мишении 
610 1 |a циклотроны 
610 1 |a радиоизотопные приборы 
610 1 |a гамма-дефектоскопы 
675 |a 621.039.8.002  |v 4 
702 1 |a Калошин  |b В. М.  |4 340 
801 1 |a RU  |b 63413507  |c 20150627 
801 2 |a RU  |b 63413507  |c 20190327  |g RCR 
942 |c BK